000 00476nam a2200181 4500
003 LK-CoDNM
005 20240215110935.0
008 240215b |||||||| |||| 00| 0 eng d
020 _a9786246168070
040 _aLK-CoDNM
_dLK-CoDNM
_eLK-CoDNM
041 _asin
080 _aX8C31
_bJAY
100 _aජයතිලක, ආශී
245 _aපිනි රෝස
260 _aWelipanngahamulla
_bSaravi Publication
_c2023
300 _a440p.,21cm
942 _n0
_cBK
999 _c145074
_d145074